000 00773nas a2200253 4500
001 BR9206687
003 BR-BrBNA
005 20231205092944.0
007 ta
008 230509b bl.|||p| |||| 00| 00por d
040 _aBR-BrBNA
_bpor
_cBiblioteca Nacional de Agricultura
041 _a(Pt)
072 _aQ80
100 1 _aCarvalho, A.L. de
100 1 _aCarvalho, F.C. de
245 1 _aConsideracoes sobre a classificacao e embalagem de pepino (Cucumis sativus L.)no mercado paulista
650 _aPEPINO
650 _aEMBALAGEM
650 _aACONDICIONAMENTO
650 _aCLASSIFICACAO DE PRODUTO
773 0 _tRevista de Olericultura (Brazil)
_x
_g(1976), (no. 16) p. 149-153
_wBR9206687
909 _a202311
_bLúcia
_c55
_dLúcia Elande
942 _2AGRIS
_n0
_cANA
999 _c135369
_d135369